[Event "Shaoxing Hua Yi Rapid Cup 2nd"]
[Site "Shaoxing"]
[Date "2023.05.29"]
[Round "2.2"]
[White "Wei, Yi"]
[Black "Xu, Zhihang"]
[Result "1-0"]
[WhiteElo "2722"]
[BlackElo "2508"]
[PlyCount "91"]
[EventDate "2023.05.29"]
[EventType "k.o. (rapid)"]
[EventRounds "5"]
[EventCountry "CHN"]
[SourceTitle "CBM 214 Extra"]
[Source "ChessBase"]
[SourceDate "2023.07.31"]
[SourceVersion "1"]
[SourceVersionDate "2023.07.31"]
[SourceQuality "1"]

1. d4 Nf6 2. c4 e6 3. Nf3 d5 4. Nc3 Bb4 5. Qa4+ Nc6 6. e3 0-0 7. Qc2 Ne7 8. Bd2 b6 9. a3 Bxc3 10. Bxc3 Bb7 11. c5 a5 12. Bd3 Ne4 13. 0-0 Ba6 14. Rfc1 Bxd3 15. Qxd3 Ng6 16. Be1 bxc5 17. dxc5 a4 18. c6 Qf6 19. Rc2 Rfb8 20. Bb4 h6 21. Rac1 Rd8 22. Rd1 e5 23. Qb5 Nd6 24. Qe2 Ne4 25. Ne1 Qf5 26. Nd3 Qe6 27. f3 Nf6 28. Rdc1 e4 29. Nc5 Qf5 30. Rf1 exf3 31. Rxf3 Qh5 32. Qf1 Qg5 33. Rg3 Qh5 34. Bc3 Ne4 35. Rh3 Qg5 36. Bd4 Re8 37. Nxe4 Rxe4 38. Rf2 Qe7 39. Qb5 Qe6 40. Rg3 Rd8 41. Qxa4 Rd6 42. Rc2 Rxd4 43. Qxd4 Rxc6 44. Rxc6 Qxc6 45. h4 h5 46. Rg5 1-0

[Event "Shaoxing Hua Yi Rapid Cup 2nd"]
[Site "Shaoxing"]
[Date "2023.05.29"]
[Round "2.4"]
[White "Wei, Yi"]
[Black "Xu, Zhihang"]
[Result "1/2-1/2"]
[WhiteElo "2722"]
[BlackElo "2508"]
[PlyCount "31"]
[EventDate "2023.05.29"]
[EventType "k.o. (rapid)"]
[EventRounds "5"]
[EventCountry "CHN"]
[SourceTitle "CBM 214 Extra"]
[Source "ChessBase"]
[SourceDate "2023.07.31"]
[SourceVersion "1"]
[SourceVersionDate "2023.07.31"]
[SourceQuality "1"]

1. e4 e5 2. Nf3 Nc6 3. Bb5 a6 4. Ba4 d6 5. 0-0 Bd7 6. Nc3 g6 7. d4 exd4 8. Bxc6 bxc6 9. Qxd4 f6 10. Qc4 Bg7 11. b4 a5 12. b5 c5 13. b6 cxb6 14. Bf4 Nh6 15. Bxd6 Nf7 16. Nb5 1/2-1/2

[Event "CHN-ch"]
[Site "Xinghua"]
[Date "2023.05.16"]
[Round "11"]
[White "Xu, Zhihang"]
[Black "Xie, Kaifan"]
[Result "1/2-1/2"]
[WhiteElo "2508"]
[BlackElo "2207"]
[PlyCount "81"]
[EventDate "2023.05.06"]
[EventType "tourn"]
[EventRounds "11"]
[EventCountry "CHN"]
[EventCategory "9"]
[SourceTitle "CBM 215 Extra"]
[Source "ChessBase"]
[SourceDate "2023.09.30"]
[SourceVersion "1"]
[SourceVersionDate "2023.09.30"]
[SourceQuality "1"]

1. e4 c6 2. Nf3 d5 3. d3 Qc7 4. Nc3 dxe4 5. Nxe4 Nf6 6. Qe2 Nbd7 7. Nxf6+ Nxf6 8. g3 Bg4 9. Bg2 e6 10. h3 Bh5 11. g4 Bg6 12. Ne5 Nd7 13. Nxg6 hxg6 14. Rf1 Qa5+ 15. Bd2 Bb4 16. c3 Bd6 17. a4 Rd8 18. f4 0-0 19. d4 Be7 20. Kf2 c5 21. d5 Rfe8 22. dxe6 Bh4+ 23. Kg1 Rxe6 24. Qb5 Qxb5 25. axb5 Nf6 26. Be1 Bxe1 27. Rfxe1 Rxe1+ 28. Rxe1 b6 29. Re2 Kf8 30. Bc6 Ng8 31. Kf2 Ne7 32. Bf3 Rd3 33. Be4 Rd1 34. Bc2 Rd7 35. Kf3 Nc8 36. b3 Ne7 37. Be4 Rd1 38. Bc2 Rd7 39. Be4 Rd1 40. Bc2 Rd7 41. Be4 1/2-1/2

[Event "CHN-ch"]
[Site "Xinghua"]
[Date "2023.05.13"]
[Round "8"]
[White "Xu, Zhihang"]
[Black "Li, Di"]
[Result "1/2-1/2"]
[WhiteElo "2508"]
[BlackElo "2556"]
[PlyCount "75"]
[EventDate "2023.05.06"]
[EventType "tourn"]
[EventRounds "11"]
[EventCountry "CHN"]
[EventCategory "9"]
[SourceTitle "CBM 215 Extra"]
[Source "ChessBase"]
[SourceDate "2023.09.30"]
[SourceVersion "1"]
[SourceVersionDate "2023.09.30"]
[SourceQuality "1"]

1. d4 Nf6 2. c4 e6 3. Nf3 d5 4. g3 Be7 5. Bg2 0-0 6. 0-0 dxc4 7. Qc2 a6 8. a4 Bd7 9. Qxc4 b5 10. Qc2 Nc6 11. Bg5 Nb4 12. Qc1 bxa4 13. Nc3 Bb5 14. Re1 Qe8 15. Qd1 Rd8 16. Nxa4 c5 17. Bxf6 Bxa4 18. Qxa4 Qxa4 19. Rxa4 gxf6 20. dxc5 Bxc5 21. Bf1 Rd7 22. Rc1 Be7 23. e3 Rb8 24. Nd4 f5 25. Bxa6 Nxa6 26. Rxa6 Bf6 27. Nf3 Bxb2 28. Rc2 Bf6 29. Kg2 Kg7 30. Ra4 h5 31. h3 Rdb7 32. e4 fxe4 33. Rxe4 Rb4 34. Rxb4 Rxb4 35. Re2 Ra4 36. Rc2 Rb4 37. Re2 Ra4 38. Rc2 1/2-1/2

[Event "CHN-ch"]
[Site "Xinghua"]
[Date "2023.05.12"]
[Round "7"]
[White "Zhao, Jun"]
[Black "Xu, Zhihang"]
[Result "0-1"]
[WhiteElo "2591"]
[BlackElo "2508"]
[PlyCount "118"]
[EventDate "2023.05.06"]
[EventType "tourn"]
[EventRounds "11"]
[EventCountry "CHN"]
[EventCategory "9"]
[SourceTitle "CBM 215 Extra"]
[Source "ChessBase"]
[SourceDate "2023.09.30"]
[SourceVersion "1"]
[SourceVersionDate "2023.09.30"]
[SourceQuality "1"]

1. e4 e5 2. Nf3 Nc6 3. Bb5 a6 4. Ba4 Nf6 5. 0-0 Be7 6. Bxc6 dxc6 7. d3 Nd7 8. Be3 0-0 9. Nbd2 Re8 10. Kh1 Bf6 11. Ng1 a5 12. Ne2 a4 13. Rb1 g6 14. f4 exf4 15. Bxf4 Bg7 16. Nf3 h6 17. Bd2 c5 18. Qc1 Kh7 19. Bc3 Nf6 20. Ne5 Be6 21. a3 Ra6 22. Nf4 Qe7 23. Qe1 Bc8 24. Nc4 b5 25. Ne3 Bb7 26. e5 Ng8 27. Qf2 Rd8 28. e6 Bxc3 29. bxc3 fxe6 30. Ng4 e5 31. Rbe1 e4 32. dxe4 Rf8 33. Qg3 h5 34. Nf2 Raf6 35. N2h3 Qe5 36. Rf2 Kh6 37. Qe3 Kg7 38. Ng5 Qxg5 39. Ne6+ Rxe6 40. Qxg5 Rxf2 41. Qxc5 Rf7 42. e5 Bc6 43. c4 bxc4 44. Qxc4 Rfe7 45. h3 Nh6 46. Kh2 Nf7 47. Re3 Be8 48. Qb4 Nxe5 49. Rc3 Kh7 50. Qa5 Bc6 51. Rc5 h4 52. Rxc6 Nxc6 53. Qxa4 g5 54. Qa8 Ne5 55. a4 Rc6 56. Kg1 Kg7 57. Qd8 Ng6 58. Qd4+ Kh6 59. a5 Rxc2 0-1

[Event "CHN-ch"]
[Site "Xinghua"]
[Date "2023.05.09"]
[Round "4"]
[White "Xu, Zhihang"]
[Black "Wan, Yunguo"]
[Result "1/2-1/2"]
[WhiteElo "2508"]
[BlackElo "2497"]
[PlyCount "143"]
[EventDate "2023.05.06"]
[EventType "tourn"]
[EventRounds "11"]
[EventCountry "CHN"]
[EventCategory "9"]
[SourceTitle "CBM 215 Extra"]
[Source "ChessBase"]
[SourceDate "2023.09.30"]
[SourceVersion "1"]
[SourceVersionDate "2023.09.30"]
[SourceQuality "1"]

1. c4 Nf6 2. g3 e6 3. Nf3 d5 4. Bg2 d4 5. d3 c5 6. e4 Nc6 7. e5 Nd7 8. Qe2 Be7 9. h4 Qc7 10. Bf4 h5 11. Nbd2 Nf8 12. 0-0 Ng6 13. Qe4 Bd7 14. a3 Nb8 15. Bg5 Bc6 16. Qe2 Bxg5 17. Nxg5 Bxg2 18. Kxg2 Nxe5 19. b4 Nbd7 20. Rfe1 Ng4 21. Nde4 0-0 22. Nxc5 Nxc5 23. bxc5 Qxc5 24. Qe4 Qc6 25. Rab1 Qxe4+ 26. Rxe4 b6 27. Nf3 Rfd8 28. Rb2 Rd6 29. Rxd4 Rxd4 30. Nxd4 Rd8 31. Nc6 Rxd3 32. Nxa7 Rxa3 33. Nc8 Rc3 34. Nxb6 g6 35. Re2 Kg7 36. Kf1 Kf6 37. Rd2 Ne5 38. Rd4 Rc2 39. Re4 Nd3 40. Re2 Rc1+ 41. Kg2 Nc5 42. Rd2 Rc3 43. Rd5 Ne4 44. Nd7+ Ke7 45. Rd4 f5 46. Ne5 Rc2 47. Kg1 Nxf2 48. Nxg6+ Kf6 49. Nf4 Ne4 50. Nxh5+ Ke5 51. Rd3 Rxc4 52. Kg2 Rc2+ 53. Kf3 Nd2+ 54. Ke2 Nc4+ 55. Kf3 Ra2 56. Rd1 Nd2+ 57. Ke3 Nc4+ 58. Kf3 Ra3+ 59. Ke2 Rb3 60. Rd3 Rb2+ 61. Kf3 Nd2+ 62. Ke2 Ne4+ 63. Kf3 Ra2 64. Nf4 Rf2+ 65. Ke3 Rf1 66. Ne2 Re1 67. Kf3 Rf1+ 68. Ke3 Nf6 69. Ra3 Nd5+ 70. Kd2 Rf2 71. Ke1 Rh2 72. Ng1 1/2-1/2

[Event "CHN-chT"]
[Site "Nanjing"]
[Date "2023.02.18"]
[Round "5.3"]
[White "Xu, Zhihang"]
[Black "Zhao, Yuanhe"]
[Result "1/2-1/2"]
[WhiteElo "2497"]
[BlackElo "2437"]
[PlyCount "64"]
[EventDate "2023.02.14"]
[EventType "team-swiss"]
[EventRounds "9"]
[EventCountry "CHN"]
[SourceTitle "CBM 212 Extra"]
[Source "ChessBase"]
[SourceDate "2023.03.31"]
[SourceVersion "1"]
[SourceVersionDate "2023.03.31"]
[SourceQuality "1"]
[WhiteTeam "Hangzhou"]
[BlackTeam "Chengdu"]
[WhiteTeamCountry "CHN"]
[BlackTeamCountry "CHN"]

1. d4 Nf6 2. c4 g6 3. Nc3 d5 4. cxd5 Nxd5 5. Bd2 Bg7 6. e4 Nxc3 7. Bxc3 0-0 8. Qd2 c5 9. d5 e6 10. Bxg7 Kxg7 11. Qc3+ Qf6 12. 0-0-0 exd5 13. Qxf6+ Kxf6 14. exd5 Nd7 15. h3 h5 16. Ne2 Kg7 17. Nc3 Nf6 18. Be2 Bd7 19. Rhe1 Rfe8 20. a4 Ne4 21. Nxe4 Rxe4 22. Bb5 Rxe1 23. Rxe1 Bxb5 24. axb5 Kf6 25. d6 Rd8 26. Re7 Rxd6 27. Rxb7 Rb6 28. Rxa7 Rxb5 29. Kc2 Ke6 30. Rc7 Kf6 31. Kc3 Ke6 32. h4 Kf6 1/2-1/2

[Event "CHN-chT"]
[Site "Nanjing"]
[Date "2023.02.15"]
[Round "2.3"]
[White "Xu, Zhihang"]
[Black "Wen, Yang"]
[Result "1/2-1/2"]
[WhiteElo "2497"]
[BlackElo "2585"]
[PlyCount "70"]
[EventDate "2023.02.14"]
[EventType "team-swiss"]
[EventRounds "9"]
[EventCountry "CHN"]
[SourceTitle "CBM 212 Extra"]
[Source "ChessBase"]
[SourceDate "2023.03.31"]
[SourceVersion "1"]
[SourceVersionDate "2023.03.31"]
[SourceQuality "1"]
[WhiteTeam "Hangzhou"]
[BlackTeam "Shandong"]
[WhiteTeamCountry "CHN"]
[BlackTeamCountry "CHN"]

1. d4 Nf6 2. c4 e6 3. Nf3 d5 4. g3 Be7 5. Bg2 0-0 6. 0-0 dxc4 7. Qc2 a6 8. a4 Bd7 9. Qxc4 Bc6 10. Bg5 Nbd7 11. Nc3 h6 12. Bxf6 Nxf6 13. Rfd1 Qd6 14. Ne5 Bxg2 15. Kxg2 Rfd8 16. Qb3 Rab8 17. Nc4 Qb4 18. Qxb4 Bxb4 19. Rac1 Bf8 20. Na5 Nd5 21. Nb3 Nb4 22. e3 c5 23. Nxc5 Bxc5 24. dxc5 Nd3 25. Rc2 Nxc5 26. Rcd2 Rxd2 27. Rxd2 b5 28. axb5 axb5 29. b4 Na6 30. Rd4 Rc8 31. Nxb5 Rb8 32. Nd6 Nxb4 33. Rd2 Nd5 34. Rc2 Rd8 35. Rc8 Rxc8 1/2-1/2

[Event "CHN-chT Div A KO"]
[Site "Liaocheng"]
[Date "2023.02.11"]
[Round "6.1"]
[White "Xu, Zhihang"]
[Black "Bu, Xiangzhi"]
[Result "0-1"]
[WhiteElo "2497"]
[BlackElo "2698"]
[PlyCount "132"]
[EventDate "2023.02.06"]
[EventType "team-k.o."]
[EventRounds "6"]
[EventCountry "CHN"]
[SourceTitle "CBM 212 Extra"]
[Source "ChessBase"]
[SourceDate "2023.03.31"]
[SourceVersion "1"]
[SourceVersionDate "2023.03.31"]
[SourceQuality "1"]
[WhiteTeam "Hangzhou Bank"]
[BlackTeam "Chongqing Ticai"]
[WhiteTeamCountry "CHN"]
[BlackTeamCountry "CHN"]

1. d4 Nf6 2. c4 g6 3. Nc3 d5 4. cxd5 Nxd5 5. Bd2 Nb6 6. e4 Qxd4 7. Qc2 Qc5 8. Be3 Qa5 9. b4 Qe5 10. Nf3 Qg7 11. Bd4 e5 12. Bxb6 axb6 13. Nd5 Bd6 14. Nxc7+ Bxc7 15. Qxc7 0-0 16. Bb5 Na6 17. Bxa6 Rxa6 18. 0-0 f6 19. Rfc1 Be6 20. a3 Qxc7 21. Rxc7 Rf7 22. Rc3 Rd7 23. Kf1 Kf7 24. Ke1 b5 25. Rd1 Ke7 26. Rxd7+ Bxd7 27. Nd2 Ra8 28. Ke2 h5 29. Ke3 Bc6 30. g3 h4 31. Nf3 hxg3 32. hxg3 g5 33. Nd2 g4 34. Ke2 Rh8 35. Rc1 Ra8 36. Rc3 Ke6 37. Ke3 f5 38. exf5+ Kxf5 39. Ke2 Rh8 40. Rc1 Ra8 41. Rc3 Bd5 42. Ke3 Bc4 43. Ne4 Rd8 44. Nd2 Rd4 45. f3 gxf3 46. Nxf3 Re4+ 47. Kd2 Re2+ 48. Kd1 Ra2 49. Nd2 Ra1+ 50. Kc2 Bd5 51. Rc5 Ke6 52. Rxb5 e4 53. Nb1 Ra2+ 54. Kc1 e3 55. Rxd5 e2 56. Rd1 exd1Q+ 57. Kxd1 Ke5 58. Kc1 Kd4 59. g4 Kd3 60. g5 b5 61. g6 Rc2+ 62. Kd1 Rg2 63. Kc1 Kc4 64. Nd2+ Kc3 65. Ne4+ Kb3 66. Nd6 Ka4 0-1

[Event "CHN-ch"]
[Site "Xinghua"]
[Date "2022.11.02"]
[Round "1"]
[White "Xu, Zhihang"]
[Black "Xu, Yinglun"]
[Result "1-0"]
[WhiteElo "2504"]
[BlackElo "2553"]
[PlyCount "101"]
[EventDate "2022.11.02"]
[EventType "tourn"]
[EventRounds "11"]
[EventCountry "CHN"]
[EventCategory "12"]
[SourceTitle "CBM 211 Extra"]
[Source "ChessBase"]
[SourceDate "2023.01.31"]
[SourceVersion "1"]
[SourceVersionDate "2023.01.31"]
[SourceQuality "1"]

1. d4 Nf6 2. c4 e6 3. Nc3 Bb4 4. Nf3 c5 5. Bd2 0-0 6. e3 d5 7. a3 Bxc3 8. Bxc3 Ne4 9. Rc1 cxd4 10. Qxd4 Nxc3 11. Qxc3 dxc4 12. Bxc4 Nc6 13. 0-0 Bd7 14. Rfd1 Qe7 15. b4 a6 16. Nd2 Rfd8 17. Ne4 Be8 18. h3 Na7 19. Qe5 Ba4 20. Rxd8+ Rxd8 21. Qc5 Qxc5 22. Nxc5 Bc6 23. Be2 h6 24. Bf3 Bxf3 25. gxf3 Rc8 26. Rd1 Nb5 27. Rd3 b6 28. Nxa6 Rc1+ 29. Kg2 Ra1 30. Nb8 Nxa3 31. Rd8+ Kh7 32. Nd7 g5 33. Ne5 Nc2 34. Rd7 Nxb4 35. Rxf7+ Kg8 36. Rf6 Nd5 37. Rxh6 b5 38. Rxe6 b4 39. Rg6+ Kh7 40. Rxg5 b3 41. Nd3 Nb4 42. Nb2 Na2 43. Rb5 Nc1 44. Rc5 Ne2 45. f4 Ra2 46. Nd3 Rd2 47. Kf3 b2 48. Rc7+ Kh6 49. Rb7 Ng1+ 50. Ke4 Nxh3 51. Rxb2 1-0

[Event "CHN-chT Div-A Rapid"]
[Site "Fuling"]
[Date "2022.09.15"]
[Round "8.4"]
[White "Xu, Zhihang"]
[Black "Chen, Qi B"]
[Result "1/2-1/2"]
[WhiteElo "2489"]
[BlackElo "2485"]
[PlyCount "37"]
[EventDate "2022.09.06"]
[EventType "team-tourn (rapid)"]
[EventRounds "11"]
[EventCountry "CHN"]
[SourceTitle "CBM 210 Extra"]
[Source "ChessBase"]
[SourceDate "2022.11.30"]
[SourceVersion "1"]
[SourceVersionDate "2022.11.30"]
[SourceQuality "1"]
[WhiteTeam "Hangzhou Bank"]
[BlackTeam "Jiangsu"]
[WhiteTeamCountry "CHN"]
[BlackTeamCountry "CHN"]

1. d4 Nf6 2. c4 e6 3. Nf3 d5 4. Nc3 c6 5. e3 Nbd7 6. Qc2 Bd6 7. Be2 0-0 8. 0-0 b6 9. b3 Bb7 10. Bb2 Qe7 11. e4 dxe4 12. Nxe4 Nxe4 13. Qxe4 Nf6 14. Qh4 Ba3 15. Bc3 Bb4 16. Bb2 Ba3 17. Bc3 Bb4 18. Bb2 Ba3 19. Bc3 1/2-1/2

[Event "CHN-chT Div-A"]
[Site "Fuling"]
[Date "2022.09.11"]
[Round "5.5"]
[White "Xu, Zhihang"]
[Black "Liu, Qingnan"]
[Result "1-0"]
[WhiteElo "2489"]
[BlackElo "2542"]
[PlyCount "97"]
[EventDate "2022.09.06"]
[EventType "team-tourn"]
[EventRounds "11"]
[EventCountry "CHN"]
[SourceTitle "CBM 210 Extra"]
[Source "ChessBase"]
[SourceDate "2022.11.30"]
[SourceVersion "1"]
[SourceVersionDate "2022.11.30"]
[SourceQuality "1"]
[WhiteTeam "Hangzhou Bank"]
[BlackTeam "Shandong"]
[WhiteTeamCountry "CHN"]
[BlackTeamCountry "CHN"]

1. d4 Nf6 2. c4 e6 3. Nf3 c5 4. d5 b5 5. dxe6 fxe6 6. cxb5 d5 7. Nc3 Bb7 8. e4 d4 9. e5 Ng4 10. h3 Nh6 11. Bxh6 gxh6 12. Nb1 Bg7 13. Nbd2 Nd7 14. Bd3 0-0 15. Qe2 Bd5 16. 0-0 Qe7 17. Bc4 Rf5 18. Rae1 Nxe5 19. Nxe5 Rxe5 20. Qd3 Rf8 21. Rxe5 Bxe5 22. Re1 Qg7 23. Ne4 Qf7 24. Qc2 Qf4 25. g3 Qf5 26. b3 d3 27. Qxd3 Bd4 28. Re2 Kg7 29. Kh2 Bxe4 30. Qxe4 Qxe4 31. Rxe4 Rxf2+ 32. Kh1 e5 33. a4 Ra2 34. Re2 Ra1+ 35. Kg2 Kf6 36. Kf3 Ke7 37. Re4 Bc3 38. Rh4 Bd2 39. Rg4 Bg5 40. h4 Bf6 41. Rg8 Rd1 42. Rc8 Rd7 43. Rxc5 h5 44. a5 Kd8 45. Rc6 Be7 46. b6 axb6 47. axb6 Bb4 48. Be6 Rb7 49. Rc8+ 1-0

[Event "CHN-chT Div-A"]
[Site "Fuling"]
[Date "2022.09.07"]
[Round "2.1"]
[White "Lou, Yiping"]
[Black "Xu, Zhihang"]
[Result "1/2-1/2"]
[WhiteElo "2485"]
[BlackElo "2489"]
[PlyCount "55"]
[EventDate "2022.09.06"]
[EventType "team-tourn"]
[EventRounds "11"]
[EventCountry "CHN"]
[SourceTitle "CBM 210 Extra"]
[Source "ChessBase"]
[SourceDate "2022.11.30"]
[SourceVersion "1"]
[SourceVersionDate "2022.11.30"]
[SourceQuality "1"]
[WhiteTeam "Shanghai"]
[BlackTeam "Hangzhou Bank"]
[WhiteTeamCountry "CHN"]
[BlackTeamCountry "CHN"]

1. e4 e5 2. Nf3 Nc6 3. Bc4 Nf6 4. d3 Bc5 5. 0-0 0-0 6. c3 d6 7. Re1 a6 8. h3 Ba7 9. a4 h6 10. Nbd2 Be6 11. Bxe6 fxe6 12. b4 Nh5 13. Nf1 Qe8 14. Ra2 b5 15. Be3 Bxe3 16. Rxe3 Nf4 17. Kh2 bxa4 18. g3 Ng6 19. Qxa4 a5 20. bxa5 Rxa5 21. Qb3 Rxa2 22. Qxa2 Qf7 23. Kg2 d5 24. N3h2 Qd7 25. Re2 Qf7 26. Re3 Qd7 27. Re2 Qf7 28. Re3 1/2-1/2

[Event "CHN-chT Div-A Rapid"]
[Site "Fuling"]
[Date "2022.09.06"]
[Round "1.6"]
[White "Xu, Zhihang"]
[Black "Liu, Yan"]
[Result "1/2-1/2"]
[WhiteElo "2489"]
[BlackElo "2530"]
[PlyCount "66"]
[EventDate "2022.09.06"]
[EventType "team-tourn (rapid)"]
[EventRounds "11"]
[EventCountry "CHN"]
[SourceTitle "CBM 210 Extra"]
[Source "ChessBase"]
[SourceDate "2022.11.30"]
[SourceVersion "1"]
[SourceVersionDate "2022.11.30"]
[SourceQuality "1"]
[WhiteTeam "Hangzhou Bank"]
[BlackTeam "Chongqing Ticai"]
[WhiteTeamCountry "CHN"]
[BlackTeamCountry "CHN"]

1. d4 Nf6 2. c4 e6 3. Nf3 b6 4. g3 Bb4+ 5. Bd2 Be7 6. Bg2 c6 7. Nc3 d5 8. Bf4 0-0 9. 0-0 Bb7 10. Ne5 dxc4 11. Nxc4 Nd5 12. Rc1 Nxf4 13. gxf4 Nd7 14. e3 Qc7 15. Qb3 Rac8 16. a4 Qb8 17. Rfd1 Rfd8 18. Qc2 Nf6 19. Ne5 c5 20. dxc5 Bxg2 21. Kxg2 Bxc5 22. Rxd8+ Rxd8 23. Qe2 Qb7+ 24. Qf3 Qxf3+ 25. Kxf3 a6 26. b4 Bxb4 27. Nc6 Ba3 28. Rb1 Rd3 29. Rb4 b5 30. Rxb5 Nd7 31. Rb3 Bf8 32. Ke2 Nc5 33. Rb8 f5 1/2-1/2

[Event "CHN-ch Rapid"]
[Site "Shaoxing"]
[Date "2022.08.25"]
[Round "2"]
[White "Xu, Zhihang"]
[Black "Li, Di"]
[Result "1-0"]
[WhiteElo "2409"]
[BlackElo "2381"]
[PlyCount "89"]
[EventDate "2022.08.25"]
[EventType "swiss (rapid)"]
[EventRounds "10"]
[EventCountry "CHN"]
[SourceTitle "CBM 210 Extra"]
[Source "ChessBase"]
[SourceDate "2022.11.30"]
[SourceVersion "1"]
[SourceVersionDate "2022.11.30"]
[SourceQuality "1"]

1. d4 Nf6 2. c4 e6 3. Nf3 d5 4. Nc3 c6 5. e3 a6 6. Qc2 c5 7. cxd5 exd5 8. Be2 Nc6 9. 0-0 cxd4 10. Nxd4 Bd6 11. Rd1 0-0 12. Nxc6 bxc6 13. b3 Re8 14. Bb2 Rb8 15. Rac1 h5 16. Bf3 Ng4 17. h3 Ne5 18. Qe2 Qg5 19. Bxh5 Bxh3 20. f4 Qg3 21. Qf2 Qxf2+ 22. Kxf2 Ng4+ 23. Bxg4 Bxg4 24. Rd2 Bb4 25. Rd3 Bf5 26. Rdd1 Bg4 27. Rd3 Re6 28. Na4 Be7 29. Bd4 Rh6 30. Rdc3 Ba3 31. Rf1 Bb4 32. Rcc1 Ba3 33. Rc3 a5 34. Bc5 Bb4 35. Rcc1 Rb5 36. a3 Bxc5 37. Nxc5 Kf8 38. Rc3 Ke7 39. Rfc1 Bf5 40. Kf3 Rg6 41. Kf2 Rb8 42. Re1 Kd6 43. e4 dxe4 44. Nxe4+ Kc7 45. Nc5 1-0

[Event "CHN-chT"]
[Site "Liaocheng"]
[Date "2021.10.28"]
[Round "9.1"]
[White "Xu, Zhihang"]
[Black "Dai, Changren"]
[Result "1/2-1/2"]
[WhiteElo "2515"]
[BlackElo "2506"]
[PlyCount "83"]
[EventDate "2021.10.20"]
[EventType "team-swiss"]
[EventRounds "9"]
[EventCountry "CHN"]
[SourceTitle "CBM 204 Extra"]
[Source "ChessBase"]
[SourceDate "2021.11.30"]
[SourceVersion "1"]
[SourceVersionDate "2021.11.30"]
[SourceQuality "1"]
[WhiteTeam "Qingdao"]
[BlackTeam "Tianjin"]
[WhiteTeamCountry "CHN"]
[BlackTeamCountry "CHN"]

1. d4 d5 2. c4 e6 3. Nf3 Nf6 4. Nc3 Be7 5. Bg5 h6 6. Bxf6 Bxf6 7. e3 0-0 8. Rc1 a6 9. Qb3 dxc4 10. Bxc4 Nd7 11. Ne4 c5 12. Nxf6+ Qxf6 13. dxc5 Nxc5 14. Qb4 b5 15. Be2 Na4 16. b3 Nb6 17. 0-0 Bb7 18. e4 Rac8 19. Qa5 Nd7 20. Qd2 Qe7 21. Qa5 Nf6 22. Nd2 Rxc1 23. Rxc1 Nxe4 24. Nxe4 Bxe4 25. Bf1 Ra8 26. a4 bxa4 27. Qxa4 Bd5 28. b4 Qg5 29. Qa3 h5 30. Rc5 Qd2 31. h3 h4 32. Rc3 g6 33. Rd3 Qf4 34. Qc3 Qg5 35. Rd4 Qf6 36. Qd2 Bb7 37. Rf4 Qg5 38. Qd6 Bd5 39. Rg4 Qf6 40. Rf4 Qg5 41. Rg4 Qf6 42. Rf4 1/2-1/2